| Tag |
First Indicator |
Second Indicator |
Subfields |
| LEADER |
00000cam a2200000 a 4500 |
| 001 |
in00000076792 |
| 005 |
20151008054934.0 |
| 008 |
810811s1980 cauaf b 00110beng |
| 010 |
|
|
|a 79067775
|
| 020 |
|
|
|a 0804710732
|
| 035 |
|
|
|a (OCoLC)07117234
|
| 035 |
|
|
|9 AAJ2116AM
|
| 040 |
|
|
|a DLC
|c DLC
|d TXA
|d UtOrBLW
|
| 049 |
|
|
|a TXAM
|
| 050 |
0 |
0 |
|a DK268.K56
|b F37
|
| 082 |
0 |
|
|a 947.084/1/0924
|a B
|2 19
|
| 100 |
1 |
|
|a Farnsworth, Beatrice.
|
| 245 |
1 |
0 |
|a Aleksandra Kollontai :
|b socialism, feminism, and the Bolshevik Revolution /
|c Beatrice Farnsworth.
|
| 264 |
|
1 |
|a Stanford, Calif. :
|b Stanford University Press,
|c 1980.
|
| 300 |
|
|
|a xiv, 432 pages, 12 unnumbered pages of plates :
|b illustrations ;
|c 25 cm.
|
| 336 |
|
|
|a text
|b txt
|2 rdacontent
|
| 337 |
|
|
|a unmediated
|b n
|2 rdamedia
|
| 338 |
|
|
|a volume
|b nc
|2 rdacarrier
|
| 504 |
|
|
|a Includes bibliographical references (pages [407]-421) and index.
|
| 600 |
1 |
0 |
|a Kollontaĭ, A.
|q (Aleksandra),
|d 1872-1952.
|
| 650 |
|
0 |
|a Revolutionaries
|z Soviet Union
|v Biography.
|
| 650 |
|
0 |
|a Communists
|z Soviet Union
|v Biography.
|
| 650 |
|
0 |
|a Feminists
|z Soviet Union
|x Biography.
|
| 740 |
0 |
|
|a Feminism and the Bolshevik Revolution.
|
| 999 |
|
|
|a MARS
|
| 999 |
f |
f |
|s be407e4a-c478-30da-9fb5-6dfa73fac1c5
|i 688d30f9-adc2-332f-8de2-1679a9b01a65
|t 0
|
| 952 |
f |
f |
|p ric
|a Texas A&M University
|b Rellis Campus
|c Joint Library Facility
|s JLF
|d Remote Storage
|t 0
|e DK268.K56 F37
|h Library of Congress classification
|i unmediated -- volume
|m A14830759513
|
| 998 |
f |
f |
|a DK268.K56 F37
|t 0
|l Remote Storage
|